| 000 | 00678nam a22002177a 4500 | ||
|---|---|---|---|
| 999 |
_c12653 _d12653 |
||
| 003 | AR-CdUCM | ||
| 008 | 190409b ||||| |||| 00| 0 spa d | ||
| 020 | _a968-16-3748-8 | ||
| 040 |
_aMUNICIPALIDAD PROVINCIAL DEL CUSCO _cBIBLIOTECA MUNICIPAL DEL CUSCO |
||
| 082 |
_aEP / 808.068 / _bM57 |
||
| 100 |
_aMiles, Miska _930608 |
||
| 245 | _aAni y la anciana / | ||
| 260 |
_aMéxico : _bFondo de cultura económica, _c1992. |
||
| 300 |
_a44 páginas _c24 cm. |
||
| 500 | _aLos especiales de: A la orilla del viento. | ||
| 650 |
_aHistorietas _910786 |
||
| 650 |
_aCuentos clásicos _98259 |
||
| 700 |
_aTorre, Katy (traductora) _930609 |
||
| 942 |
_2ddc _cLIBROS |
||
| 945 | _arum | ||